000 00302nam a22001097a 4500
082 _a621.3815 DUG'C
100 _aPATRICK, D,DUGGER, W,SUESS, A
_975579
245 _aCONTROL DEVICES AND SYSTEMS BASIC ELECTRONICS SYSTEMS TECHNOLOGY
260 _aCALIFORNIA
_bBRUCE
_c1973
300 _a217P
942 _cBK
999 _c580974
_d580974